<?xml version="1.0" encoding="UTF-8"?>
<record
    xmlns:xsi="http://www.w3.org/2001/XMLSchema-instance"
    xsi:schemaLocation="http://www.loc.gov/MARC21/slim http://www.loc.gov/standards/marcxml/schema/MARC21slim.xsd"
    xmlns="http://www.loc.gov/MARC21/slim">

  <leader>01414nam0a2200313   4500</leader>
  <controlfield tag="001">RU\NLR\bibl\507705</controlfield>
  <controlfield tag="005">20260408194245.0</controlfield>
  <datafield tag="021" ind1=" " ind2=" ">
    <subfield code="a">RU</subfield>
    <subfield code="b">2004-9113</subfield>
    <subfield code="9">467</subfield>
  </datafield>
  <datafield tag="035" ind1=" " ind2=" ">
    <subfield code="a">(NLR Aleph) 000500237</subfield>
  </datafield>
  <datafield tag="090" ind1=" " ind2=" ">
    <subfield code="a">1168946</subfield>
    <subfield code="c">1168946</subfield>
  </datafield>
  <datafield tag="100" ind1=" " ind2=" ">
    <subfield code="a">20040405d2003    |||y0rusy50      ca</subfield>
  </datafield>
  <datafield tag="101" ind1="0" ind2=" ">
    <subfield code="a">rus</subfield>
  </datafield>
  <datafield tag="102" ind1=" " ind2=" ">
    <subfield code="a">RU</subfield>
  </datafield>
  <datafield tag="105" ind1=" " ind2=" ">
    <subfield code="a">a   |||||||||</subfield>
  </datafield>
  <datafield tag="200" ind1="1" ind2=" ">
    <subfield code="a">"&#x418; &#x428;&#x435;&#x440;&#x435;&#x43C;&#x435;&#x442;&#x435;&#x432; &#x431;&#x43B;&#x430;&#x433;&#x43E;&#x440;&#x43E;&#x434;&#x43D;&#x44B;&#x439;..."</subfield>
    <subfield code="e">&#x41A; 350-&#x43B;&#x435;&#x442;&#x438;&#x44E; &#x441;&#x43E; &#x434;&#x43D;&#x44F; &#x440;&#x43E;&#x436;&#x434;&#x435;&#x43D;&#x438;&#x44F; &#x411;. &#x41F;. &#x428;&#x435;&#x440;&#x435;&#x43C;&#x435;&#x442;&#x435;&#x432;&#x430;</subfield>
    <subfield code="e">&#x41A;&#x430;&#x442;. &#x432;&#x44B;&#x441;&#x442;., 9 &#x44F;&#x43D;&#x432;.-19 &#x43C;&#x430;&#x44F; 2003</subfield>
    <subfield code="f">[&#x410;&#x432;&#x442;.-&#x441;&#x43E;&#x441;&#x442;.: &#x41E;. &#x415;. &#x416;&#x435;&#x43B;&#x442;&#x438;&#x43A;&#x43E;&#x432;&#x430;, &#x41E;. &#x410;. &#x425;&#x43E;&#x434;&#x44F;&#x43A;&#x43E;&#x432;&#x430;</subfield>
    <subfield code="g">&#x410;&#x43D;&#x43D;&#x43E;&#x442;.: &#x413;.&#x412;. &#x412;&#x438;&#x43B;&#x438;&#x43D;&#x431;&#x430;&#x445;&#x43E;&#x432; &#x438; &#x434;&#x440;.]</subfield>
  </datafield>
  <datafield tag="210" ind1=" " ind2=" ">
    <subfield code="a">&#x421;&#x41F;&#x431;.</subfield>
    <subfield code="c">&#x421;&#x43F;&#x431;&#x413;&#x41C;&#x422;&#x438;&#x41C;&#x418;</subfield>
    <subfield code="d">2003</subfield>
  </datafield>
  <datafield tag="215" ind1=" " ind2=" ">
    <subfield code="a">91, [4] &#x441;.</subfield>
    <subfield code="c">&#x438;&#x43B;., &#x446;&#x432;. &#x438;&#x43B;.</subfield>
    <subfield code="d">24</subfield>
  </datafield>
  <datafield tag="300" ind1=" " ind2=" ">
    <subfield code="a">&#x412; &#x43D;&#x430;&#x434;&#x437;&#x430;&#x433;.: &#x421;.-&#x41F;&#x435;&#x442;&#x435;&#x440;&#x431;. &#x433;&#x43E;&#x441;. &#x43C;&#x443;&#x437;&#x435;&#x439; &#x442;&#x435;&#x430;&#x442;&#x440;. &#x438; &#x43C;&#x443;&#x437;. &#x438;&#x441;&#x43A;&#x443;&#x441;&#x441;&#x442;&#x432;&#x430;</subfield>
  </datafield>
  <datafield tag="600" ind1=" " ind2="1">
    <subfield code="a">&#x428;&#x435;&#x440;&#x435;&#x43C;&#x435;&#x442;&#x435;&#x432;</subfield>
    <subfield code="b">&#x411;. &#x41F;.</subfield>
    <subfield code="f">1652-1719</subfield>
    <subfield code="g">&#x411;&#x43E;&#x440;&#x438;&#x441; &#x41F;&#x435;&#x442;&#x440;&#x43E;&#x432;&#x438;&#x447;</subfield>
    <subfield code="2">psbo</subfield>
  </datafield>
  <datafield tag="600" ind1=" " ind2="1">
    <subfield code="a">&#x428;&#x435;&#x440;&#x435;&#x43C;&#x435;&#x442;&#x435;&#x432;</subfield>
    <subfield code="b">&#x411;. &#x41F;.</subfield>
    <subfield code="g">&#x411;&#x43E;&#x440;&#x438;&#x441; &#x41F;&#x435;&#x442;&#x440;&#x43E;&#x432;&#x438;&#x447;</subfield>
    <subfield code="f">1652 - 1719</subfield>
    <subfield code="j">&#x410;&#x43B;&#x44C;&#x431;&#x43E;&#x43C;&#x44B;</subfield>
    <subfield code="3">RU\NLR\auth\661358438</subfield>
    <subfield code="9">2266093</subfield>
  </datafield>
  <datafield tag="686" ind1=" " ind2=" ">
    <subfield code="a">&#x422;3(2)462-8</subfield>
  </datafield>
  <datafield tag="686" ind1=" " ind2=" ">
    <subfield code="a">&#x426;4,8(2)243&#x434;&#x428;&#x435;&#x440;&#x435;&#x43C;&#x435;&#x442;&#x435;&#x432; &#x411;.&#x41F;.&#x44F;61</subfield>
  </datafield>
  <datafield tag="702" ind1=" " ind2="1">
    <subfield code="a">&#x416;&#x435;&#x43B;&#x442;&#x438;&#x43A;&#x43E;&#x432;&#x430;</subfield>
    <subfield code="b">&#x41E;. &#x415;.</subfield>
    <subfield code="4">220</subfield>
  </datafield>
  <datafield tag="801" ind1=" " ind2="0">
    <subfield code="a">RU</subfield>
    <subfield code="b">NLR</subfield>
    <subfield code="c">20040405</subfield>
    <subfield code="g">PSBO</subfield>
  </datafield>
  <datafield tag="801" ind1=" " ind2="1">
    <subfield code="a">RU</subfield>
    <subfield code="b">NLR</subfield>
    <subfield code="c">20040405</subfield>
  </datafield>
  <datafield tag="942" ind1=" " ind2=" ">
    <subfield code="c">BOOK</subfield>
  </datafield>
  <datafield tag="980" ind1=" " ind2=" ">
    <subfield code="a">NB</subfield>
  </datafield>
  <datafield tag="995" ind1=" " ind2=" ">
    <subfield code="5">2004-04-05</subfield>
    <subfield code="a">ad</subfield>
    <subfield code="b">NLR02</subfield>
    <subfield code="c">NLR02</subfield>
    <subfield code="e">EST</subfield>
    <subfield code="f">664608</subfield>
    <subfield code="k">&#x42D; &#x41A;&#x41B;452/2003</subfield>
    <subfield code="o">0</subfield>
    <subfield code="r">BOOK</subfield>
    <subfield code="s">_4522003</subfield>
  </datafield>
  <datafield tag="995" ind1=" " ind2=" ">
    <subfield code="5">2004-04-05</subfield>
    <subfield code="a">ad</subfield>
    <subfield code="b">NLR02</subfield>
    <subfield code="c">NLR02</subfield>
    <subfield code="e">EST</subfield>
    <subfield code="f">664609</subfield>
    <subfield code="k">&#x42D; &#x41A;&#x41B;452/2003</subfield>
    <subfield code="o">0</subfield>
    <subfield code="r">BOOK</subfield>
    <subfield code="s">_4522003</subfield>
  </datafield>
</record>
